00335nam a2200133Ia 4500008004100000020001500041041001200056100001900068245006200087250000800149260002500157300000800182650001100190221030s9999 xx 000 0 und d a8120320581 aEnglish aR. A. Gayakwad 0aOp - Amps & Linear Integrated Circuitscby R. A. Gayakwad a4th bPHIaNew Delhic2014 a543 aBB ECE